| 000 | 00784cam a2200217 i 4500 | ||
|---|---|---|---|
| 005 | 20251119130254.0 | ||
| 008 | 250721s2007 jo gr 000 0 ara d | ||
| 020 | _a9957063324 | ||
| 082 | 1 | 4 |
_a210.71068 _bط ا ه |
| 100 | 1 |
_aطاهر، علوي عبدالله _eمؤلف. |
|
| 245 | 1 | 2 |
_aالأنموذج القيادي التربوي الإسلامي / _cالدكتور علوي عبد الله طاهر. |
| 250 | _aالطبعة الأولى. | ||
| 264 | 3 | 1 |
_aعمان : _bدار المسيرة للنشر والتوزيع والطباعة، _c2007. |
| 300 | _a415 صفحة. | ||
| 650 | 1 | 7 | _aالقيادة. |
| 650 | 1 | 7 | _aالإدارة التربوية. |
| 650 | 1 | 7 | _aالمدارس. |
| 650 | 1 | 7 | _aالإسلام. |
| 942 |
_2ddc _cBK |
||
| 999 |
_c106731 _d106731 |
||